000 00306nam a22001337a 4500
008 170825b xxu||||| |||| 00| 0 eng d
020 _a2900073135648
041 _aeng
080 _29 ED
_a070
100 _a39
101 _aMED
245 _aTHE ART PUBLIC SPEAKERS
_cLUCAS.S.E
942 _2udc
_cBK
999 _c25044
_d25044